000 01015nam a2200133Ia 4500
008 220620s9999||||xx |||||||||||||| ||und||
020 _a9783040000000
245 0 _aSelected Papers from the 11th Asian Rock Mechanics Symposium (ARMS 11)
546 _aEnglish[eng]
650 _akaolin||cemented coal gangue-fly ash backfill sample||mechanical properties||macroscopic failure||microstructure||non-pillar coal mining||crushed rocks||compression test||deformation characteristics||lateral stress||tunnel through fault||concrete lining structure||fault dislocation||seismic deterioration effect||dynamic contact force||seismic damage analysis||directions of incident waves||slope topography||amplification effects||ground motions||equivalent nodal forces||tight sandstone gas reservoirs||rock-physics template||Biot–Rayleigh theory||total porosity||microcrack porosity||n/a
700 _aZhu, Chun||Tao, Zhigang||Yang, Xiaojie||Sun, Jianping
856 _uhttps://mdpi.com/books/pdfview/book/5054
942 _cEB
999 _c33921
_d33921